000 01115pam a2200313 a 4500
001 616748
003 sisc
005 20190620140537.0
008 920917s1993 nyua 001 0 eng
010 _a 92036588
020 _a9780028018577
040 _aDLC
_cDLC
_dDLC
050 0 0 _aTL 205
_b.C952 1996
082 0 0 _aHS 629.28
_b.C884 1993
100 1 _aCrouse, William Harry,
_911839
245 1 0 _aWorkbook for automotive:
_btuneup and engine performance/
_cWilliam H. Crouse and Donald L. Anglin.
250 _a3rd ed.
260 _aNew York :
_bGlencoe,
_cc1996.
300 _a266 p. :
_bill. ;
_c29 cm.
650 0 _aAutomobiles.
_911840
650 0 _aAutomobiles
_xMaintenance and repair.
_911841
650 0 _aAutomobiles
_xMaintenance and repair
_xExaminations, questions, etc.
_911842
700 1 _aAnglin, Donald L.
_911843
856 4 2 _3Publisher description
_uhttp://www.loc.gov/catdir/description/mh031/92036588.html
856 4 1 _3Table of contents
_uhttp://www.loc.gov/catdir/toc/mh031/92036588.html
906 _a7
_bcbc
_corignew
_d1
_eocip
_f19
_gy-gencatlg
942 _2lcc
_cBK
999 _c9971
_d9971